GST guide with ready reckoner / (Record no. 151796)

MARC details
000 -LEADER
fixed length control field 00683nam a22002057a 4500
005 - DATE AND TIME OF LATEST TRANSACTION
control field 20180607122050.0
010 ## - LCCN (DPL NO)
LC control number ENG-122822-23
020 ## - INTERNATIONAL STANDARD BOOK NUMBER
International Standard Book Number 9789386643711 (set )
Terms of availability 2890.00 (set of 2 Vol)
035 ## - SYSTEM CONTROL NUMBER
System control number EN-106354-55
037 ## - SOURCE OF ACQUISITION
Source of stock number/acquisition DBAD/PUB.
082 ## - DEWEY DECIMAL CLASSIFICATION NUMBER
Classification number 343.94055
100 ## - MAIN ENTRY--PERSONAL NAME
Personal name Garg, Rakesh
245 ## - TITLE STATEMENT
Title GST guide with ready reckoner /
Statement of responsibility, etc by Rakesh garg [and] Sandeep garg
250 ## - EDITION STATEMENT
Edition statement 3rd edn.
260 ## - PUBLICATION, DISTRIBUTION, ETC. (IMPRINT)
Place of publication, distribution, etc New Delhi
Name of publisher, distributor, etc Bloomsbury
Date of publication, distribution, etc 2017
270 ## - ADDRESS
Address 2nd Floor, Building No.4, DDA Complex LSC, Pocket-C-6&&, Vasant Kunj,
City New Delhi
Postal code 110070
300 v# - PHYSICAL DESCRIPTION
Extent 2 v. (2014p.)
Dimensions 24cm(pbk)
Other physical details ill.
700 ## - ADDED ENTRY--PERSONAL NAME
Personal name Garg, Sandeep
942 ## - ADDED ENTRY ELEMENTS (KOHA)
Source of classification or shelving scheme Dewey Decimal Classification
Item type English Books
Call number suffix GAR
Classification part 343.94055
Holdings
Withdrawn status Lost status Not for loan Collection code Home library Current library Date acquired Source of acquisition Cost, normal purchase price Full call number Barcode Copy number Cost, replacement price Koha item type
    Not For Loan Non-fiction D.B.Act.Division Central Library 27/04/2018 DBAD/PUB 2890.00 343.94055 GAR EN-106354 1 2890.00 English Books
    Not For Loan Non-fiction D.B.Act.Division Central Library 27/04/2018 DBAD/PUB 2890.00 343.94055 GAR EN-106355 1 2890.00 English Books

© Delhi Public Library
Hit Counter
free hit counter